| 000 | 01035nam a2200301 a 4500 | ||
|---|---|---|---|
| 003 | CBULib | ||
| 005 | 20250602141933.0 | ||
| 008 | 150602s1993 ||||||||||||||||| || u | ||
| 020 | _a0821326023 | ||
| 040 |
_aCBULib _bEnglish _cCBULib _erda |
||
| 041 | _aeng | ||
| 050 | _aIBRD(06)PRR/1993/2 | ||
| 110 |
_aThe World Bank(IBRD) _94491 |
||
| 245 | 1 | 4 |
_aThe East Asian miracle : economic growth and public policy : summary _c/ by The World Bank(IBRD) |
| 260 |
_aWashington : _bWorld Bank, _c1993. |
||
| 300 | _axi, 34 pages : illustrations | ||
| 336 |
_2rdacontent _aText | _btxt |
||
| 337 |
_2rdamedia _aUnmediated | _bn |
||
| 338 |
_2rdacarrier _aVolume _bnc |
||
| 490 | _aWorld Bank policy research report | ||
| 500 | _aIncludes a summary. | ||
| 650 | _aEAST ASIA--ECONOMIC CONDITIONS | ||
| 650 | _aASIA, SOUTHEASTERN--ECONOMIC POLICY | ||
| 650 | _aEAST ASIA--ECONOMIC POLICY | ||
| 650 | _aASIA, SOUTHEASTERN--ECONOMIC CONDITIONS | ||
| 942 |
_2mc _c029 |
||
| 999 |
_c40664 _d40664 |
||